| 000 -ლიდერი |
| ფიქსირებული სიგრძის საკონტროლო ველი |
01687nam a2200277Ia 4500 |
| 001 - საკონტროლო ნომერი |
| საკონტროლო ველი |
2857 |
| 003 - საკონტროლო ნომრის იდენტიფიკატორი |
| საკონტროლო ველი |
GE_BSU |
| 005 - ბოლო ოპერაციის თარიღი და დრო |
| საკონტროლო ველი |
20190611191435.0 |
| 008 - ფიქსირებული სიგრძის მონაცემთა ელემენტები - ზოგადი ინფორმაცია |
| ფიქსირებული სიგრძის საკონტროლო ველი |
181216s2010||||ge |||||||||||||| ||geo|| |
| 020 ## - წიგნის საერთაშორისო სტანდარტული ნომერი |
| International Standard Book Number |
9789941036286 |
| 040 ## - კატალოგიზაციის წყარო |
| Transcribing agency |
GE_BSU |
| 041 ## - ენის კოდი |
| Language code of text/sound track or separate title |
geo |
| 080 ## - უნივერსალური ათობითი კლასიფიკაციის ინდექსი |
| Universal Decimal Classification number |
342 ყ–92 |
| 100 ## - მთავარი ჩანაწერი - პიროვნების სახელი |
| Personal name |
ყურაშვილი, კახი |
| 9 (RLIN) |
2424 |
| 245 ## - ცნობა სათაურის შესახებ |
| Title |
ბიკამერალიზმის დილემები / |
| Statement of responsibility, etc |
კახი ყურაშვილი, კონსტანტინე ჩოკორაია, ანა ბუჩუკური ; [რედ. ავთანდილ დემეტრაშვილი |
| 264 ## - წარმოების, გამოცემის, დისტრიბუციის და სხვა ცნობები |
| გამოცემის, წარმოების, დისტრიბუციის... ადგილი |
ბათუმი : |
| გამოცემის, წარმოების, დისტრიბუციის... სახელწოდება |
კონსტიტუციონალიზმის კვლევისა და ხელშეწყობის რეგიონალური ცენტრი, |
| გამოცემის, წარმოების, დისტრიბუციის... თარიღი |
2011. |
| 300 ## - ფიზიკური აღწერა |
| Extent |
83 გვ. : |
| Other physical details |
ფოტ., ცხრ. ; |
| Dimensions |
20 სმ. |
| 501 ## - შენიშვნა თანმხლებ მასალაზე |
| With note |
დანართები: გვ. 83-84. |
| 504 ## - BIBLIOGRAPHY, ETC. NOTE |
| Bibliography, etc |
ბიბლიოგრ. ტექსტის შენიშვნ. და გვ. 85-87. |
| 653 ## - INDEX TERM--UNCONTROLLED |
| Uncontrolled term |
ორპალატიანი საპარლამენტო სისტემები |
| 653 ## - INDEX TERM--UNCONTROLLED |
| Uncontrolled term |
ორპალატიანი საპარლამენტო სისტემები საქართველოში |
| 700 ## - ADDED ENTRY--PERSONAL NAME |
| Personal name |
ჩოკორაია, კონსტანტინე |
| Relator term |
ავტორი |
| 9 (RLIN) |
2425 |
| 700 ## - ADDED ENTRY--PERSONAL NAME |
| Personal name |
ბუჩუკური, ანა |
| Relator term |
ავტორი |
| 9 (RLIN) |
2426 |
| 700 ## - ADDED ENTRY--PERSONAL NAME |
| Personal name |
დემეტრაშვილი, ავთანდილ |
| Relator term |
რედაქტორი |
| 9 (RLIN) |
162 |
| 942 ## - ADDED ENTRY ELEMENTS (KOHA) |
| Koha item type |
წიგნი |
| Source of classification or shelving scheme |
|